Price adjustment formulae for construction contracts (Record no. 119160)
[ view plain ]
| 000 -LEADER | |
|---|---|
| fixed length control field | 02804cas a22003135a 4500 |
| 001 - CONTROL NUMBER | |
| control field | L142111 |
| 008 - FIXED-LENGTH DATA ELEMENTS--GENERAL INFORMATION | |
| fixed length control field | 070216c2008 xxkmr ws ss f000 0 eng d |
| 022 1# - INTERNATIONAL STANDARD SERIAL NUMBER | |
| International Standard Serial Number | 0964-4575 |
| 035 ## - SYSTEM CONTROL NUMBER | |
| System control number | (Sirsi) u142111 |
| 041 0# - LANGUAGE CODE | |
| Language code of text/sound track or separate title | eng |
| 050 04 - LIBRARY OF CONGRESS CALL NUMBER | |
| Classification number | 692.80212 $2 18 |
| 110 1# - MAIN ENTRY--CORPORATE NAME | |
| Corporate name or jurisdiction name as entry element | United Kingdom |
| Subordinate unit | Department of Trade and Industry |
| 245 00 - TITLE STATEMENT | |
| Title | Price adjustment formulae for construction contracts |
| Remainder of title | monthly bulletin of indices |
| Medium | [electronic resource] |
| 260 ## - PUBLICATION, DISTRIBUTION, ETC. | |
| Place of publication, distribution, etc. | London |
| Name of publisher, distributor, etc. | BCIS |
| Date of publication, distribution, etc. | 2008- |
| 490 #0 - SERIES STATEMENT | |
| Series statement | DTI Monthly Bulletin of Indices |
| 505 2# - FORMATTED CONTENTS NOTE | |
| Formatted contents note | Series 3 - Building and specialist engineering formulae indices and 1990 series civil engineering formula indices and 1990 series structural steelwork formula indicies : work category indices (3/01 to 3/60); scaffolding indices (labour and materials); plant index; labour indices (building and plumbing); electrical installations indices (E1 and E2); mechanical installations indicies (H1 to H4); lift installation indicies (L1 to L4); catering equipment indices (C1 to C4); civil engineering formula indices (1 to 15); structural steelwork formula indices (S1 to S3). |
| 505 2# - FORMATTED CONTENTS NOTE | |
| Formatted contents note | Series 2 - Building and specialist engineering formulae indices and 1970 series civil engineering formulae indicies : work category indices (2/1 to 2/49); labour indices (Appendix 1 to Appendix 4); scaffolding indices (Appendix 5 and Appendix 6); plant index (Appendix 7); electrical installations indices (E1 and E2); heating and ventilation and sprinkler installations indices (H1 to SP2); lift installations indices (L1 to L4); catering equipment indices (C1 to C4); structural steelwork indices (S1 and S2); civil egineering indices (1 to 11B); structural steelwork indices (12 and 13). |
| 520 ## - SUMMARY, ETC. | |
| Summary, etc. | Price adjustment formulae calculate the increase, or decrease, in contractors' costs over any period to the nearest month using indices published in this monthly bulletin. The Bulletin contains Series 3 (1990=100) and Series 2 (1970/6=100) indices. The original Series 1 indices ceased with the December 1981 values. |
| 520 ## - SUMMARY, ETC. | |
| Summary, etc. | From January 2008, the indices are published electronically only by BCIS. Subscribers to BCIS will be able to access the service at www.bcis.co.uk using the username and password issued to you by BCIS. Alternatively RICS members will be able to use the service via the public access terminals in the RICS Library - please ask for details. |
| 650 24 - SUBJECT ADDED ENTRY--TOPICAL TERM | |
| Topical term or geographic name entry element | BAXTER INDICES |
| 650 24 - SUBJECT ADDED ENTRY--TOPICAL TERM | |
| Topical term or geographic name entry element | DTI MONTHLY BULLETIN OF INDICES |
| 650 24 - SUBJECT ADDED ENTRY--TOPICAL TERM | |
| Topical term or geographic name entry element | NEDO INDICES |
| 650 24 - SUBJECT ADDED ENTRY--TOPICAL TERM | |
| Topical term or geographic name entry element | OSBORNE INDICES |
| 651 #4 - SUBJECT ADDED ENTRY--GEOGRAPHIC NAME | |
| Geographic name | United Kingdom |
| Chronological subdivision | |
| 690 ## - LOCAL SUBJECT ADDED ENTRY--TOPICAL TERM (OCLC, RLIN) | |
| Topical term or geographic name as entry element | BUILT ENVIRONMENT-BUILDING COSTS |
| 710 2# - ADDED ENTRY--CORPORATE NAME | |
| Corporate name or jurisdiction name as entry element | Office for National Statistics |
| 9 (RLIN) | 2210 |
| 856 40 - ELECTRONIC LOCATION AND ACCESS | |
| Uniform Resource Identifier | <a href="https://service.bcis.co.uk/">https://service.bcis.co.uk/</a> |
| Public note | View the indices at www.bcis.co.uk using your BCIS username and password... |
| 942 ## - ADDED ENTRY ELEMENTS (KOHA) | |
| Suppress in OPAC | 0 |
| Withdrawn status | Lost status | Source of classification or shelving scheme | Damaged status | Not for loan | Home library | Current library | Shelving location | Date acquired | Total Checkouts | Full call number | Barcode | Date last seen | Price effective from | Koha item type |
|---|---|---|---|---|---|---|---|---|---|---|---|---|---|---|
| Dewey Decimal Classification | Virtual | Virtual | Online | 24/01/2008 | ONLINE PUBLICATION | 142111-2001 | 06/08/2019 | 06/08/2019 | Journal |